Juan Tamad : (Record no. 112155)
[ view plain ]
| 000 -LEADER | |
|---|---|
| fixed length control field | 00310nam a2200121 a 4500 |
| 005 - DATE AND TIME OF LATEST TRANSACTION | |
| control field | 20140414131928.0 |
| 008 - FIXED-LENGTH DATA ELEMENTS--GENERAL INFORMATION | |
| fixed length control field | 101103s19uu xx 00 eng d |
| 050 ## - LIBRARY OF CONGRESS CALL NUMBER | |
| Classification number | FIL |
| Item number | J87 2002 |
| 100 ## - MAIN ENTRY--PERSONAL NAME | |
| Personal name | Villanueva, Rene O. |
| 245 ## - TITLE STATEMENT | |
| Title | Juan Tamad : |
| Remainder of title | Lazy Juan. |
| 260 ## - PUBLICATION, DISTRIBUTION, ETC. (IMPRINT) | |
| Place of publication, distribution, etc | Manila : |
| Name of publisher, distributor, etc | Lampara, |
| Date of publication, distribution, etc | 2002. |
| Withdrawn status | Lost status | Damaged status | Home library | Current library | Shelving location | Date acquired | Total Checkouts | Full call number | Barcode | Date last seen | Price effective from | Koha item type |
|---|---|---|---|---|---|---|---|---|---|---|---|---|
| Munich Library | Munich Library | Filipiniana Section | 11/03/2010 | FIL J87 2002 | M3224 | 04/14/2014 | 04/14/2014 | Books |